000 00489nam a2200181Ia 4500
005 20250508151144.0
008 008 250505s9999 xx 000 0 eng d
037 _aTextual
040 _aFEDL
_beng
_cFEDL
041 _aeng
_2eng
084 _a328.42, KIN
_qFEDL
100 _aKing Horace Maybray
_9106622
245 0 _aParliament and freedom
260 _aLondon, UK
_bJohn Murray
_c1953
300 _a144p.
942 _cTEXL
_h328.42, KIN
999 _c1327933
_d1327933